| 000 | 00478nam a22001577a 4500 | ||
|---|---|---|---|
| 020 | _a9781435400696 | ||
| 050 |
_a TK146.K83 _b2009 |
||
| 100 | _a Kubala, Thomas S. | ||
| 245 |
_aElectricity 2 _b devices, circuits, and materials |
||
| 250 | _a9th Edition | ||
| 260 |
_aNewyork _bDelmar cengage Learning _c2009 |
||
| 300 | _a156p. | ||
| 500 | _aincludes index. Bibliography | ||
| 650 |
_bElectrical engineering,Electric circuits--Alternating current _vbook _xPBK |
||
| 942 | _cGEN | ||
| 999 |
_c570 _d570 |
||